The Office Trivia #V - Statistics

General Stats
  • This quiz has been taken 40 times
  • The average score is 8 of 12
Answer Stats
Hint Answer % Correct
Pam played this sport in High school Volleyball
100%
Warehouse manager and love interest of Darryl Val
90%
Michael gives blood on what day? Valentines Day
87%
Bob Vance Vance Refrigeration
87%
As a prank, Jim convinces Dwight, that Jim is this creature Vampire
84%
SNIP SNAP SNIP SNAP SNIP SNAP. You have no idea the physical toll that three __ have on a person. Vasectomies
77%
Todd Packer and Dwight compete for this role in Florida Vice President
71%
As a prank, Jims puts all of Dwights belongings in the __ __ Vending machine
58%
Jims Team name at the Beach Games Voldemort
58%
To cure the Monday blues, Michael makes the whole office watch this film Varsity Blues
55%
The best salesman Michael has ever seen. Part of the dream team Vikram
42%
What is Angelas role called in the Murder in Savannah play? Voodoo Mama Juju
39%
No matching quizzes found
Score Distribution
Percent of People with Each Score
Percentile by Number Answered
Your Score History
You have not taken this quiz